| 000 | 01423nam a2200289 4500 | ||
|---|---|---|---|
| 003 | CO-CtgCURN | ||
| 005 | 20250515151450.0 | ||
| 008 | 160627s2016 000 0 eng d | ||
| 020 | _a9789580613398 | ||
| 040 |
_aCO-CtgCURN _bspa _ccoctgcurn |
||
| 082 | 0 |
_a863.865 _bV494 |
|
| 100 | 1 |
_aVergara Padilla, Jesus Rafael, _d1957- |
|
| 245 | 1 | 3 |
_aLa comunidad del anillo / _cJesus R. Vergara Padilla. |
| 246 | 2 | _aLa comunidad de la bisagra: Historia novelada de la comunidad del anillo y de la muerte, al interior de la Escuela de Policia General Santander, de la cadete Lina Zapata, quien motivo al capitan Anyelo Palacios a denunciar la red de prostitucion y de proxenetismo de hombres y mujeres policias | |
| 260 |
_aBogotá : _bOveja Negra, _c2016. |
||
| 300 |
_a171 páGINAS. : _bil., fotografias ; _c23 cms. |
||
| 336 | _2rdacontent | ||
| 337 |
_2rdamedia _asin mediacion _bn |
||
| 338 |
_2rdacarrier _avolumen _bnc |
||
| 520 | 8 | _aHistoria novelada De la comunidad del anillo y de la muerte de la cadete Lina Zapata quien no se presto a la red de prostitucion y proxenetismo de hombres y mujeres policias en la Escuela General Santander. | |
| 650 | 0 |
_aCorrupcion administrativa _xNovela. |
|
| 650 | 0 |
_aViolencia institucional _xNovela. |
|
| 650 | 0 |
_aProstitucion _xNovela. |
|
| 852 | _948990 | ||
| 908 | _a160627 | ||
| 942 |
_cBK _h863.865 _iV494 _2ddc |
||
| 999 |
_c48815 _d48815 |
||